000 00390pam a2200157a 44500
008 230515b2011 xxu||||| |||| 00| 0 eng d
020 _aNULL
041 _aENGLISH
082 _a631.4
100 _aTRIPATHI R.P.
245 _aSOIL ERASION AND CONSERVATION
250 _a2008
260 _aDELHI
_bNEW AGE INTERNATIONAL LIMITED PUBLISHERS
_c2011
300 _aVIII-305
650 _aNULL
999 _c656045
_d656045